| 000 | 01275cam a22002891i 4500 | ||
|---|---|---|---|
| 003 | SA-RiAUC | ||
| 005 | 20251103120211.0 | ||
| 008 | 251101q19001999su f l f000 0 ara c | ||
| 040 |
_aSA-JeALM _bara _cSA-RiAUC _erda |
||
| 043 | _aa-su--- | ||
| 082 | 0 | 4 |
_a343.5310982 _qSA-RiAUC |
| 090 |
_a343.5310982 _bس ع و |
||
| 110 | 1 |
_aالسعودية _eمؤلف. |
|
| 240 | 1 | 0 | _aنظام نقابة السيارات (1372 هـ) |
| 245 | 1 | 0 |
_aنظام نقابة السيارات برقم 11501 وتاريخ 3 / 7 / 1372 هـ / _cوزارة الحج والأوقاف. |
| 264 | 1 |
_aالرياض : _bمطابع الحكومة الأمنية، _c1961 |
|
| 300 |
_a8 صفحة؛ _c24 سم. |
||
| 336 |
_aنص _btxt _2rdacontent _3كتاب |
||
| 337 |
_aبدون وسيط _bn _2rdamedia |
||
| 338 |
_aمجلد _bnc _2rdacarrier |
||
| 610 | 2 | 7 |
_aالنقابة العامة للسيارات (السعودية) _vقوانين داخلية _2aucnm |
| 650 | 7 |
_aالنقل الداخلي _xقوانين وتشريعات _zالسعودية _2aucsh |
|
| 650 | 7 |
_aالسيارات _xقوانين وتشريعات _zالسعودية _2aucsh |
|
| 710 | 1 |
_aالسعودية. _bوزارة الحج والأوقاف _eمؤلف. |
|
| 942 |
_2ddc _cBOOK _n0 |
||
| 949 |
_aSA-JeALM _d251101 _umohamedma123 _n1 |
||
| 999 |
_c12967 _d12967 |
||